Castle diary : (Record no. 1936)

MARC details
000 -LEADER
fixed length control field 01355pam a2200373 a 4500
001 - CONTROL NUMBER
control field 1936
003 - CONTROL NUMBER IDENTIFIER
control field FISKH
005 - DATE AND TIME OF LATEST TRANSACTION
control field 20231019102326.0
008 - FIXED-LENGTH DATA ELEMENTS--GENERAL INFORMATION
fixed length control field 030428r20031999enka j 000 1 eng
015 ## - NATIONAL BIBLIOGRAPHY NUMBER
National bibliography number GBA3X0621
Source bnb
020 ## - INTERNATIONAL STANDARD BOOK NUMBER
International Standard Book Number 9780545859172
039 0# - LEVEL OF BIBLIOGRAPHIC CONTROL AND CODING DETAIL [OBSOLETE]
Level of rules in bibliographic description 2743
040 ## - CATALOGING SOURCE
Original cataloging agency StDuBDS
Modifying agency Uk
Language of cataloging eng
Transcribing agency UK
042 ## - AUTHENTICATION CODE
Authentication code ukblsr
050 ## - LIBRARY OF CONGRESS CALL NUMBER
Classification number PZ7.P71295
082 04 - DEWEY DECIMAL CLASSIFICATION NUMBER
Classification number 823.914
Edition number 22
100 1# - MAIN ENTRY--PERSONAL NAME
Personal name Platt, Richard.
245 10 - TITLE STATEMENT
Title Castle diary :
Remainder of title the journal of Tobias Burgess, page /
Statement of responsibility, etc. Richard Platt ; illuminated by Chris Riddell.
260 ## - PUBLICATION, DISTRIBUTION, ETC.
Place of publication, distribution, etc. London :
Name of publisher, distributor, etc. Scholastic,
Date of publication, distribution, etc. 1999.
300 ## - PHYSICAL DESCRIPTION
Extent 123 , 5 unnumbered pages :
Other physical details illustrations ;
Dimensions 18 cm.
336 ## - CONTENT TYPE
Content type term text
Source rdacontent
337 ## - MEDIA TYPE
Media type term unmediated
Source rdamedia
338 ## - CARRIER TYPE
Carrier type term volume
Source rdacarrier
505 ## - FORMATTED CONTENTS NOTE
Formatted contents note Z'<br/>
520 ## - SUMMARY, ETC.
Summary, etc. As a page in his uncle's castle in thirteenth-century England, eleven-year-old Tobias records in his journal his experiences learning how to hunt, play games of skill, and behave in noble society. Includes notes on noblemen, castles, and feudalism.
521 8# - TARGET AUDIENCE NOTE
Target audience note 1010<br/>
Source Lexile<br/><br/><br/>
521 8# - TARGET AUDIENCE NOTE
Target audience note Z<br/>
Source Raz-Plus<br/>
650 #0 - SUBJECT ADDED ENTRY--TOPICAL TERM
Topical term or geographic name entry element Castles
Geographic subdivision Great Britain
Form subdivision Juvenile fiction.
650 #0 - SUBJECT ADDED ENTRY--TOPICAL TERM
Topical term or geographic name entry element Middle Ages
General subdivision History
Form subdivision Juvenile fiction.
655 07 - INDEX TERM--GENRE/FORM
Genre/form data or focus term Diary fiction.
Source of term lcsh
655 07 - INDEX TERM--GENRE/FORM
Genre/form data or focus term Children's stories.
Source of term lcsh
700 1# - ADDED ENTRY--PERSONAL NAME
Personal name Riddell, Chris.
Relator term illustrator
942 ## - ADDED ENTRY ELEMENTS (KOHA)
Source of classification or shelving scheme Dewey Decimal Classification
Koha item type Books
Suppress in OPAC No
Holdings
Withdrawn status Lost status Source of classification or shelving scheme Damaged status Not for loan Collection Home library Current library Shelving location Date acquired Total Checkouts Full call number Barcode Date last seen Price effective from Koha item type
    Dewey Decimal Classification     Juvenile Fiction Footprints International School Library Network Toul Kork Campus Footprints International School Library Network Toul Kork Campus   10/19/2023   PLA 940.1 PZ7.P71295 FISTK05560 10/19/2023 10/19/2023 Books